| 000 | 01948nam a2200397 i 4500 | ||
|---|---|---|---|
| 001 | 1441778267 | ||
| 003 | PWmBRO | ||
| 005 | 20250822181022.0 | ||
| 007 | t|| | ||
| 008 | 240412s2024 nyua a 000 1 eng d | ||
| 020 | _a9781665952507 | ||
| 020 | _a1665952504 | ||
| 020 | _z9781665952514 | ||
| 035 | _a(OCoLC)1441778267 | ||
| 040 |
_aPABRO _beng _erda _cPABRO |
||
| 092 |
_achildren board book _bEliot |
||
| 100 | 1 |
_aEliot, Hannah, _eauthor. _4aut. _95748685 |
|
| 245 | 1 | 0 |
_aHello, crayons! : _band other school friends / _cby Hannah Eliot ; illustrated by Anna Clark and Daniel Clark. |
| 264 | 1 |
_aNew York : _bLittle Simon, an imprint of Simon & Schuster Children's Publishing Division, _c2024. |
|
| 300 |
_a1 volume (unpaged) : _bcolor illustrations ; _c18 cm. |
||
| 336 | _atext | ||
| 337 | _aunmediated | ||
| 338 | _avolume | ||
| 500 | _aCover title. | ||
| 500 | _aOn board pages. | ||
| 520 | _aIntroducing the dream team of school supplies, here to get you ready for school and calm any first-day jitters! This delightful board book is the perfect back-to-school read! From crayons to paper it's the time of year to meet new friends, because school is near! Perfect for your little one's first day of school, meet the dream team of school supplies: a colorful cast of characters that includes crayons, pencil, paint set, ruler, and notebook! Friendly faces and familiar objects are waiting to make little readers feel welcome in their new classroom. | ||
| 650 | 0 |
_aSchools _xFurniture, equipment, etc. _vJuvenile fiction. _96551059 |
|
| 650 | 0 |
_aSchools _vJuvenile fiction. |
|
| 650 | 0 | _aStories in rhyme. | |
| 650 | 1 |
_aSchools _xFurniture, equipment, etc. _vFiction. _96551060 |
|
| 650 | 1 |
_aSchools _vFiction. _95673727 |
|
| 650 | 1 | _aStories in rhyme. | |
| 700 | 1 |
_aClark, Anna, _eillustrator. _96551061 |
|
| 700 | 1 |
_aClark, Daniel, _eillustrator. _974934 |
|
| 942 |
_2ddc _cBOOK |
||
| 999 |
_c411076 _d411076 |
||